000 00762nam a2200217Ii 4500
003 JO-AjNU
008 230605s9999||||xx |||||||||||||| ||und||
017 _a2004/6/1480
040 _aJO-AjNU
_bara
_erda
_cJO-AjNU
041 _aara
050 1 4 _aHG3881.K4234 2004
100 3 _aخلف، فليح حسن,
_eauthor
_928083
245 0 0 _aالتمويل الدولي
250 _aط1
264 3 1 _aعمان: مؤسسة الوراق للنشر والتوزيع، 2004
300 _a369ص
_bيحتوي على ببلوغرافية من 368-369ص
336 _atext
_btxt
_2rdacontent
337 _aunmediated
_bn
_2rdamedia
338 _avolume
_bnc
_2rdacarrier
650 4 _aالتمويل الدولي -العلاقات الدولية الخارجية
_928084
999 _aA10848
_c14416
_d14416